000 00741cab a2200217 4500
001 WB3117-51
008 090401t1995 xxu||||| |||| 00| 0 eng d
035 _a(Sirsi) u61419
041 _aeng
245 _aHealth and safety link
260 _c1995
350 _a0
490 _aYorkshire Post
_v4 May 1995, 14(1)
520 _aIndependent Insurance has joined forces with chartered surveyors Lambert Smith Hampton`s health and safety unit to provide added support for companies insured by them throughout the UK.
650 _aHEALTH AND SAFETY
_96244
650 _aINDEPENDENT INSURANCE
650 _aLAMBERT SMITH HAMPTON
690 _aMANAGEMENT-BUSINESS MANAGEMENT-PROFESSIONAL PRACTICE
942 _n0
948 _c04/03/1997
999 _c38045
_d38045